Karol D. Horváth

Bibliographic Details
Main Author: Halvoník, Alexander, 1945- (Author)
Format: Article
Language:Slovak
ISSN:1210-1982
Subjects:

MARC

LEADER 00000nab a2200000 ar4500
001 vtls008418668
003 SK-MaSNL
005 20260303070048.0
008 051215c2005 xo mr|p|||||||000 b|slo
015 |a SNBRB2005/12  |2 snkbucl 
038 |a SNKBUCL 
040 |a SNKBUCL  |b slo  |c SNKBUCL  |e AACR2 
041 0 |a slo 
044 |a xo  |c SK 
080 |a 82.09:821.162.4-32  |x (048)  |2 UDC-MRF-SK2 
080 |a 821.162.4-32  |x (048)  |2 UDC-MRF-SK2 
100 1 |a Halvoník, Alexander,  |d 1945-   |4 aut  |9 103645 
245 1 0 |a Karol D. Horváth  |c Alexander Halvoník 
650 0 7 |a spoločenské poviedky, slovenské  |x recenzie  |2 snkbucl  |9 58534 
773 0 |t Knižná revue  |g Roč. XV, č. 20 (2005), s. 1  |x 1210-1982 
787 0 8 |i Rec.:  |a Horváth, Karol D., 1961-  |t Karol D. Horváth  |d Levice : Koloman Kertész Bagala L.C.A. Publishers Group, 2005 
852 |a SNK  |b KIS3GCP 
958 |a LX 
958 |a RC 
999 |c 1753760  |d 1755690